00343nam a2200085Ia 4500008004100000245007900041260000900120300010100129650002700230180130s9999 xx 000 0 und d cYoung, LeslieaFinancial systems in Asia: where politics meets development c2014 aBook title: The Oxford handbook of Asian business systems--Acession number C19643; pages 419-440 aBUSINESS SYSTEMS--ASIA